Analýza pôrodnosti a plodnosti v Slovenskej republike v období rokov 2000 - 2015 diplomová práca

Gespeichert in:
Bibliographische Detailangaben
1. Verfasser: Pastvová, Alexandra
Körperschaft: Fakulta hospodárskej informatiky EU. Katedra štatistiky
Weitere Verfasser: Coss, Soňa
Format: Buch
Sprache:Slowakisch
Veröffentlicht: Bratislava 2017
Tags: Tag hinzufügen
Keine Tags, Fügen Sie das erste Tag hinzu!

MARC

LEADER 00000nbm a2200000 4500
001 0232924
005 20171107142657.1
041 0 |a slo 
044 |a SK 
245 1 0 |a Analýza pôrodnosti a plodnosti v Slovenskej republike v období rokov 2000 - 2015  |b diplomová práca  |c Alexandra Pastvová ; školiteľ: Soňa Coss 
264 1 |a Bratislava  |c 2017 
300 |a 54 s. 
100 1 |a Pastvová, Alexandra 
700 1 |a Coss, Soňa 
710 2 |a Fakulta hospodárskej informatiky EU. Katedra štatistiky